AGU : (Record no. 1152)

MARC details
000 -LÍDER
Campo Fixo de Controle 00734nam a2200217 a 4500
001 - NÚMERO DE CONTROLE
Campo de Controle 1152
003 - IDENTIFICAÇÃO DO NÚMERO DE CONTROLE
Campo de Controle BR-CuiBMT
005 - DATA E HORA DA ÚLTIMA ATUALIZAÇÃO
Campo de Controle 20231129233837.0
008 - DADOS FIXOS
Dados Fixos 231125s2013 rsba 000 0 por d
020 ## - INTERNATIONAL STANDARD BOOK NUMBER
Nº do ISBN 9788576994480
040 ## - AGÊNCIA CATALOGADORA
Código da Agência Catalogadora BR-CuiBMT
Agência que transcreveu o registro BR-CuiBMT
080 ## - Nº DA CLASSIFICAÇÃO DECIMAL UNIVERSAL
Nº edição CDU 2007
Nº Class. CDU 340
Subd. Auxiliar Comum (079.1)
090 ## - NÚMERO DE CHAMADA
Nº classificação 340(079.1)
Cutter A282
245 00 - TÍTULO PRINCIPAL
Título principal AGU :
Subtítulo procurador federal /
Indicação de responsabilidade [autores: Alexandre Arnalde Salim ... et al.] ; colaboradores, Caroline Boff, Flávia Hagen, Nicole Anagnostopoulos.
260 ## - PUBLICAÇÃO, DISTRIBUIÇÃO, ETC.
Local de publicação Porto Alegre :
Editora Verbo Jurídico,
Data 2013.
300 ## - DESCRIÇÃO FÍSICA
N. páginas ou volumes 1335 p. :
Ilustrações il. ;
Dimensões 25 cm
500 ## - NOTAS GERAIS
Notas gerais Edição atualizada e ampliada.
650 ## - ASSUNTO TÓPICO
Cabeçalho tópico ou nome geográfico Direito
Subdivisão de forma concursos
700 1# - ENTRADA SECUNDÁRIA -- NOME PESSOAL
Nome pessoal Salim, Alexandre Arnalde
Termo de relação et al.
-- autores.
942 ## - ELEMENTOS DE ENTRADA ADICIONAIS (KOHA)
Fonte de classificação ou esquema de arquivamento Classificação Decimal Universal
Tipo de item do Koha Livros
Holdings
Estado: removido Estado: perdido Fonte de classificação ou esquema de arquivamento Estado: danificado Indisponível para empréstimo Localização permanente Localização atual Data de aquisição Total Checkouts Número de Chamada completo Código de barras Date last seen Número do exemplar Preço efetivo a partir de Tipo de item (Koha)
    Classificação Decimal Universal     Biblioteca da Escola Superior de Contas do TCE/MT Biblioteca da Escola Superior de Contas do TCE/MT 29/11/2023   340(079.1) A282 BIBTCEMT23111347 29/11/2023 Ex. 1 29/11/2023 Livros

Powered by Koha